odmiana czasownika bere, salire, sapere - Statystyki

Ogólne statystyki
  • Ten quiz został rozwiązany 29 razy
  • Średni wynik to 13 z 21
Statystyki odpowiedzi
% Poprawnych
tu bevi
93%
noi beviamo
93%
Io bevo
93%
lui, lei beve
87%
voi bevete
87%
tłumaczenie: pić
87%
loro bevono
73%
Io so
73%
lui, lei sa
67%
tu sai
67%
voi sapete
67%
noi sappiamo
67%
loro sanno
60%
tu sali
53%
noi saliamo
53%
lui,lei sale
47%
voi salite
47%
tłumaczenie: wiedzieć
47%
Io salgo
33%
tłumaczenie wchodzić (do góry)
27%
loro salgono
20%
Nie znaleziono quizów pasujących do podanych kryteriów
Rozkład punktacji
Procent ludzi z każdym wynikiem
Percentyl według liczby udzielonych odpowiedzi
Twoja historia wyników
Nie rozwiązałeś tego quizu